000 01496nam a2200361 a 4500
001 ebr10527873
003 CaPaEBR
006 m u
007 cr cn|||||||||
008 110824s2012 gw a sb 001 0 eng d
010 _z 2011035604
020 _z9783110252880
020 _z9783110252903 (e-book)
040 _aCaPaEBR
_cCaPaEBR
035 _a(OCoLC)785776491
050 1 4 _aP325.5.H57
_bC87 2012eb
082 0 4 _a417/.7
_223
245 0 0 _aCurrent methods in historical semantics
_h[electronic resource] /
_cedited by Kathryn Allan, Justyna A. Robinson.
260 _aBerlin :
_bDe Gruyter Mouton,
_cc2012.
300 _aviii, 347 p. :
_bill.
490 1 _aTopics in English linguistics,
_x1434-3452 ;
_v73
504 _aIncludes bibliographical references and indexes.
505 0 _asection 1. Data and sources -- section 2. Corpus-based methods -- section 3. Theoretical approaches.
533 _aElectronic reproduction.
_bPalo Alto, Calif. :
_cebrary,
_d2013.
_nAvailable via World Wide Web.
_nAccess may be limited to ebrary affiliated libraries.
650 0 _aSemantics, Historical.
650 0 _aEnglish language
_xSemantics, Historical.
655 7 _aElectronic books.
_2local
700 1 _aAllan, Kathryn.
700 1 _aRobinson, Justyna A.
710 2 _aebrary, Inc.
830 0 _aTopics in English linguistics ;
_v73.
856 4 0 _uhttp://site.ebrary.com/lib/rucke/Doc?id=10527873
_zAn electronic book accessible through the World Wide Web; click to view
999 _c145388
_d145388